Diputació Provincial de Barcelona
Descripción Física:
185 p. ; 17 cm
MARC
| LEADER | 00000nam a2200000Ia 4500 | ||
|---|---|---|---|
| 001 | 14159 | ||
| 008 | 160829s1919 xx 000 0 cat d | ||
| 080 | |a O-1-113 | ||
| 110 | 1 | |a Barcelona (Catalunya : Província). |b Diputació |9 52408 | |
| 245 | |a Diputació Provincial de Barcelona | ||
| 260 | |a [Barcelona] : |b Impr. de la Casa de Caritat, |c 1919 | ||
| 300 | |a 185 p. ; |c 17 cm | ||
| 610 | 1 | 0 | |a Barcelona (Catalunya : Província). |b Diputació |v Directoris |9 55988 |
| 901 | |a Arxiu | ||
| 942 | |n 1 | ||
| 952 | |0 0 |1 0 |4 0 |6 O1113 |7 1 |9 42413 |a Arxiu |b Arxiu |d 2016-12-01 |l 0 |o O-1-113 |p 14159 |r 2016-12-01 00:00:00 |w 2016-12-01 |y ARXIU | ||
| 999 | |c 44918 |d 44918 | ||